The Standard catalogue of Anglo-American China (Record no. 2389)

MARC details
000 -CABECERA
campo de control de longitud fija 00880nam a2200229 a 4500
001 - NÚMERO DE CONTROL
campo de control BRCA_2649
005 - FECHA Y HORA DE LA ÚLTIMA TRANSACCIÓN
campo de control 20190320203915.0
008 - DATOS DE LONGITUD FIJA--INFORMACIÓN GENERAL
campo de control de longitud fija 011208s1951----paua---###---#000-0#eng-u
050 #4 - SIGNATURA TOPOGRÁFICA DE LA BIBLIOTECA DEL CONGRESO
Número de clasificación NK4485
Número de documento/Ítem .L35 1938
100 1# - ENTRADA PRINCIPAL--NOMBRE DE PERSONA
Nombre de persona Laidacker, Samuel H.
9 (RLIN) 7529
245 10 - MENCIÓN DE TÍTULO
Título The Standard catalogue of Anglo-American China
Mención de responsabilidad, etc. Samuel H. Laidacker.
260 ## - PUBLICACIÓN, DISTRIBUCIÓN, ETC.
Lugar de publicación, distribución, etc. Scranton, Pensilvania
Nombre del editor, distribuidor, etc. S. Laidacker
Fecha de publicación, distribución, etc. 1938
300 ## - DESCRIPCIÓN FÍSICA
Extensión 2 v.
Otras características físicas il.
Dimensiones 23 cm.
500 ## - NOTA GENERAL
Nota general La biblioteca tiene solo el V. 1.
500 ## - NOTA GENERAL
Nota general A99
505 0# - NOTA DE CONTENIDO CON FORMATO
Nota de contenido con formato Contenido: Pte. 1. From 1810 to 1850, printed and decorative ware made in England by the Stafford shire potters for the American trade. -- Pte. 2. Other than American views appearing on transfer...
650 14 - PUNTO DE ACCESO ADICIONAL DE MATERIA--TÉRMINO DE MATERIA
Término de materia o nombre geográfico como elemento de entrada Staffordshire, Cerámica de
9 (RLIN) 7294
650 14 - PUNTO DE ACCESO ADICIONAL DE MATERIA--TÉRMINO DE MATERIA
Término de materia o nombre geográfico como elemento de entrada Porcelana
Subdivisión geográfica Inglaterra
9 (RLIN) 7530
650 14 - PUNTO DE ACCESO ADICIONAL DE MATERIA--TÉRMINO DE MATERIA
Término de materia o nombre geográfico como elemento de entrada Porcelana
Subdivisión geográfica Estados Unidos
9 (RLIN) 7316
902 ## - CATALOGADOR
Iniciales GFM
942 ## - ELEMENTOS DE PUNTO DE ACCESO ADICIONAL (KOHA)
Fuente del sistema de clasificación o colocación Library of Congress Classification
Tipo de ítem Koha Libros
Holdings
Estado de retiro Estado de pérdida Estado dañado No para préstamo Localización permanente Ubicación/localización actual Fecha de adquisición Número de inventario Total de préstamos Signatura topográfica completa Código de barras Fecha visto por última vez Precio válido a partir de Tipo de ítem Koha
El ejemplar forma parte de la colección y puede ser consultado según las políticas vigentes.       Biblioteca del Museo Franz Mayer (Rogerio Casas-Alatriste) Biblioteca del Museo Franz Mayer (Rogerio Casas-Alatriste) 01/12/2008 A99   NK4485 .L35 1938 (A99) 2646 22/03/2019 22/03/2019 Libros